Unió Democràtica de Catalunya : le parti democrate-chretien catalan (1931-1989) / par Joan B. Culla i Clarà le parti democrate-chretien catalan (1931-1989) / par Joan B. Culla i Clarà
Descripción Física:
57 p. ; 21 cm
MARC
| LEADER | 00000nam a2200000Ia 4500 | ||
|---|---|---|---|
| 001 | 16394 | ||
| 008 | 160829s1990 xx 000 0 cat d | ||
| 080 | |a M-5-20 | ||
| 100 | |a Culla i Clarà, Joan B. |9 27522 | ||
| 245 | |a Unió Democràtica de Catalunya : |b le parti democrate-chretien catalan (1931-1989) / par Joan B. Culla i Clarà | ||
| 260 | |a Barcelona : |b Institut de Ciències Polítiques i Socials, |c 1990 | ||
| 300 | |a 57 p. ; |c 21 cm | ||
| 490 | 1 | |a Working papers / Institut de Ciències Polítiques i Socials ; |v 27 | |
| 650 | |a Unió Democràtica de Catalunya |x 1931/1989 |9 20502 | ||
| 710 | 2 | |a Institut de Ciències Polítiques i Socials (Barcelona, Catalunya) |9 55871 | |
| 830 | 0 | |9 56044 |a Working papers (Institut de Ciències Polítiques i Socials (Barcelona, Catalunya)) |v 27 | |
| 901 | |a Arxiu | ||
| 942 | |n 1 |2 udc | ||
| 952 | |0 0 |1 0 |4 0 |6 M520 |7 1 |9 41564 |a Arxiu |b Arxiu |d 2016-12-01 |l 0 |o M-5-20 |p 16394 |r 2016-12-01 00:00:00 |w 2016-12-01 |y ARXIU | ||
| 999 | |c 43454 |d 43454 | ||